Návrh a realizácia ETICS v návaznosti na zkoušení a certifikaci ETICS dle ETAG 004

Bibliographic Details
Main Author: Hadrava, Václav (Author)
Format: Article
Language:Slovak
Czech
PhysicalDescription:Fotogr.
ISBN:9788089175253
Subjects:

MARC

LEADER 00000nab a2200000 a 4500
001 vtls010263503
003 SK-MaSNL
005 20260304205257.0
008 250708|2008 xo |||||||||||1|| b|slo
015 |a SNBRB2011/03  |2 snkbucl 
035 |a (sysno)vtls010263503 
035 |a urn:nbn:sk:snk-ab7e2h 
035 |a (uuid)e7ee10fd-546d-433e-af55-68bc49a2421e 
035 |a (urnnbn)urn:nbn:sk:snk:ar-a07vkf 
038 |a SNKBUCL 
040 |a SNKBUCL  |b slo  |c SNKBUCL  |e AACR2 
041 0 |a cze  |b eng 
044 |a xo  |c SK 
080 |a 72:904  |2 2001 
080 |a 699.86  |2 2001 
100 1 |a Hadrava, Václav  |4 aut  |9 929609 
245 1 0 |a Návrh a realizácia ETICS v návaznosti na zkoušení a certifikaci ETICS dle ETAG 004  |c Václav Hadrava 
300 |b Fotogr. 
546 |a Res. angl. 
650 0 7 |a architektonické pamiatky  |2 snkbucl  |9 28990 
650 0 7 |a ochrana pamiatok  |2 snkbucl  |9 29625 
650 0 7 |a obnova a rekonštrukcia pamiatok  |2 snkbucl  |9 91110 
650 0 7 |a tepelná ochrana budov  |2 snkbucl  |9 67166 
650 0 7 |a vonkajšie tepelnoizolačné kompozitné systémy  |2 snkbucl  |9 1539432 
650 0 7 |a ETICS (vonkajšie tepelnoizolačné kompozitné systémy)  |2 snkbucl  |9 1539433 
655 7 |a štúdie  |2 snkbucl  |9 57033 
773 0 |t Monumentorum tutela. Ochrana pamiatok 19  |d Bratislava : Pamiatkový úrad Slovenskej republiky, 2008  |g S. 149-151  |z 9788089175253 
850 |a Slovenská národná knižnica 
852 |a Slovenská národná knižnica 
958 |a article27 
958 |a OND 
958 |a EUIPO 
999 |c 3120013  |d 3121943